00669nam a2200241 a 4500001001300000003000900013005001700022008004100039020001000080082001700090100002100107245003100128260003900159300000900198500003500207505001300242650002300255700002100278902000800299942000700307952009800314999001500412nice12345678IN_TiNIC20260116012622.0050524s1939 boma grp 000 0 eng  ac11000a297.822bDUM aDumasia, Naoroji aAga Khan and His Ancestors aBombaybTimes of India Pressc1939 a375p aincludes index and biblioraphy2 aAppendix aAga Khan-Biography1 aDumasia, Naoroji bSRC cBK 00114070aHMIbHMId2008-01-11g110.00l0o297.822 DUMp013517r2008-01-11w2026-01-16yBK c7694d7694